|
|
|
|
| LEADER |
00000naa2a2200000 4500 |
| 001 |
220535 |
| 005 |
20231031195425.0 |
| 035 |
|
|
|a (RuTPU)RU\TPU\book\240660
|
| 090 |
|
|
|a 220535
|
| 100 |
|
|
|a 20120827d2007 k y0rusy50 ca
|
| 101 |
0 |
|
|a rus
|
| 102 |
|
|
|a RU
|
| 200 |
1 |
|
|a Система мониторинга искрения коллекторно-щёточного узла тяговых электродвигателей электровоза
|f Д. Е. Шибаев, А. А. Осадченко
|
| 320 |
|
|
|a Библиогр.: 4 назв.
|
| 461 |
|
0 |
|0 (RuTPU)RU\TPU\book\136926
|t Современные техника и технологии
|o 13-я Международная научно-практическая конференция студентов, аспирантов и молодых ученых, г. Томск, 26-30 марта 2007 г.
|o труды в 3 т.
|f Томский политехнический университет (ТПУ)
|d 2007
|
| 463 |
|
0 |
|0 (RuTPU)RU\TPU\book\168908
|t Т. 1
|v С. 484-485
|d 2007
|p 547 с.
|
| 610 |
1 |
|
|a электровозы
|
| 610 |
1 |
|
|a тяговые электродвигатели
|
| 610 |
1 |
|
|a коллекторно-щеточные узлы
|
| 610 |
1 |
|
|a искрение
|
| 610 |
1 |
|
|a системы мониторинга
|
| 610 |
1 |
|
|a труды учёных ТПУ
|
| 700 |
|
1 |
|a Шибаев
|b Д. Е.
|c специалист в области электроэнергетики
|c асистент Томского политехнического университета
|f 1983-
|g Дмитрий Евгеньевич
|2 stltpush
|3 (RuTPU)RU\TPU\pers\31326
|
| 701 |
|
1 |
|a Осадченко
|b А. А.
|c специалист в области электроэнергетики
|c старший преподаватель Томского политехнического университета
|f 1981-
|g Александр Александрович
|2 stltpush
|3 (RuTPU)RU\TPU\pers\31327
|
| 801 |
|
1 |
|a RU
|b 63413507
|c 20120827
|
| 801 |
|
2 |
|a RU
|b 63413507
|c 20191115
|g RCR
|
| 942 |
|
|
|c BK
|